000 00416nam a2200157Ia 4500
003 GCL
008 140319s9999 xx 000 0 ara d
040 _aGCL /
_cGCL
082 0 4 _a813.087
_bم ا
100 1 _aمحمود قاسم
245 1 0 _aاسرع رجل فى العالم /
_cمحمود قاسم
490 _a100 قصة
_v0
650 0 4 _aالاطفال
650 0 4 _aقصص الاطفال
942 _2ddc
_cBK
999 _c46022
_d46022